| 000 | 01788nam a22002897a 4500 | ||
|---|---|---|---|
| 001 | 1247 | ||
| 005 | 20230809113428.0 | ||
| 008 | 230809b cb ||||| |||| 00| 0 khr d | ||
| 020 | _a9789924341178 | ||
| 040 |
_aFISKH _beng _cFISKH _dFISKH |
||
| 082 | _a813.5082 | ||
| 100 | _aChan | ||
| 245 |
_aការប្រកួតរបស់យូឡាន / _cនិពន្ធ និងគូរូបដោយ ច័ន ; បកប្រែពីភាសាបារាំងដោយ អ៊ូច សូលីដា |
||
| 250 | _aគ្រឹះស្ថានបោះពុម្ពផ្សាយ Sipar កក្កដា ២០២១ | ||
| 260 |
_aPhnom Penh : _bSipar, _c2021. |
||
| 300 |
_a25 pages : _bcolor illustrations ; _c26 cm |
||
| 490 | _aរឿងដំបូងៗ | ||
| 505 | _aK | ||
| 520 | _aនៅតាមដងទន្លេយ៉ាងជឺ យូឡានហាត់ក្បាច់គុន ហើយចង់ក្លាយជាអ្នកខ្លាំង។ គេបានទៅរកលោកគ្រូឈិនឡុង ហើយបានទទួលជ័យជំនះ ដោយពុះភ្នំបែកជាពីរដោយដៃទទេ។ | ||
| 520 | _aAlong the Yangtze River, Youlan practiced martial arts and wanted to be the strongest. He went to find Jackie Chan and won him by splitting the mountain into two with his bare hands. | ||
| 521 |
_a510
_bLexile estimate |
||
| 521 |
_aK
_bRaz-Plus |
||
| 650 |
_aការប្រកួតប្រជែង _vកម្លាំងពិសេស _xក្បាច់គុនកុងហ្វូ _yភ្នំ |
||
| 650 |
_aCompetition _vSupernatural power _xMartial arts _yMountain |
||
| 700 |
_aChan _cillustrator |
||
| 942 |
_2ddc _cBK _n0 |
||
| 999 |
_c1247 _d1247 |
||